Normal view
MARC view
- Ahmad, Fatima Ajaz
Entry Personal Name
001 - CONTROL NUMBER
- control field: 132605
003 - CONTROL NUMBER IDENTIFIER
- control field: NUST
005 - DATE AND TIME OF LATEST TRANSACTION
- control field: 20251230103516.0
008 - FIXED-LENGTH DATA ELEMENTS
- fixed length control field: 251230|| aca||aabn | a|a d
040 ## - CATALOGING SOURCE
- Original cataloging agency: NUST
- Transcribing agency: NUST
100 ## - HEADING--PERSONAL NAME
- Personal name: Ahmad, Fatima Ajaz
670 ## - SOURCE DATA FOUND
- Source citation: Work cat.: (NUST): Ahmad, Fatima Ajaz , Customization of 3D-Printed Knee Implants: Design Optimization and Lattice Structure Integration fo Enhanced Performance /
